Focus (Record no. 84148)

MARC details
000 -LEADER
fixed length control field 00736cab a22002175a 4500
001 - CONTROL NUMBER
control field L156770
008 - FIXED-LENGTH DATA ELEMENTS--GENERAL INFORMATION
fixed length control field 120712e20120707xxk 000 0 eng d
035 ## - SYSTEM CONTROL NUMBER
System control number (Sirsi) u156770
041 0# - LANGUAGE CODE
Language code of text/sound track or separate title eng
100 1# - MAIN ENTRY--PERSONAL NAME
Personal name Harris, David
245 00 - TITLE STATEMENT
Title Focus
Remainder of title Leisure
260 ## - PUBLICATION, DISTRIBUTION, ETC.
Date of publication, distribution, etc. 2012
490 ## - SERIES STATEMENT
Series statement Estates Gazette
Volume/sequential designation (1227) 7 July 2012, 65-79(12)
520 ## - SUMMARY, ETC.
Summary, etc. Includes profiles of the continuing success of JD Wetherspoon and the gym sector which has seen the arrival of high-end and budget operators and asks whether hotel chain operators can successfully run boutique hotels.
590 ## - LOCAL NOTE (RLIN)
Local note KA
651 #4 - SUBJECT ADDED ENTRY--GEOGRAPHIC NAME
Geographic name United Kingdom
690 ## - LOCAL SUBJECT ADDED ENTRY--TOPICAL TERM (OCLC, RLIN)
Topical term or geographic name as entry element Commercial property
9 (RLIN) 6227
700 1# - ADDED ENTRY--PERSONAL NAME
Personal name Simmons, Mark
700 1# - ADDED ENTRY--PERSONAL NAME
Personal name Pio Kivlehan, Noella
942 ## - ADDED ENTRY ELEMENTS (KOHA)
Suppress in OPAC 0
Holdings
Withdrawn status Lost status Source of classification or shelving scheme Damaged status Not for loan Home library Current library Shelving location Date acquired Total Checkouts Full call number Barcode Date last seen Copy number Price effective from Koha item type
    Dewey Decimal Classification     London London Journal article 12/07/2012   L156770 156770-1001 06/08/2019 1 06/08/2019 Journal article